000 00616nam a2200193Ia 4500
008 151121s9999||||xx |||||||||||||| ||und||
082 _a817/पटव
082 _bHNW-75328
100 _aपटवर्धन रमेश कृ।
245 _aखेळ खंडोबा
260 _b"राणे प्रकाशन, पुणे।"
260 _c--
300 _a102
600 _aपटवर्धन रमेश कृ।
630 _aखेळ खंडोबा
700 _aपटवर्धन रमेश कृ।
730 _aखेळ खंडोबा
942 _cBOOK
999 _c1256770
_d1256767